| 000 | 01717nam a2200217Ia 4500 | ||
|---|---|---|---|
| 003 | Ost | ||
| 005 | 20260507074936.0 | ||
| 008 | 260507s9999||||xx |||||||||||||| ||und|| | ||
| 020 | _a9789957452421 | ||
| 040 | _cfsecg | ||
| 041 | _aara | ||
| 082 | _a330 | ||
| 100 |
_aالطائي، نبيل ابراهيم محمود _eمؤلف |
||
| 245 | 0 |
_aتحليل المتغيرات الاقتصادية / _c نبيل ابراهيم محمود الطائي |
|
| 260 |
_aعمان: _bدار البداية, _c2008 |
||
| 300 |
_a141 صفحة؛ _bإيضاحات ؛ _c24 سم |
||
| 520 | _aالإنتاجية والكفاءة Productivity & Efficiency : الإنتاجية Productivity : مفهوم الإنتاجية : المفاهيم الجزئية للإنتاجية : المفاهيم الكلية للإنتاجية : تعريف الإنتاجية : مزايا وفوائد مقاييس الإنتاجية : مشاكل قياس الإنتاجية : مؤشرات الإنتاجية على مستوى القطاع الصناعي : : قياس الإنتاجية باستخدام الأرقام القياسية : الكفاءة Efficiency : تعريف الكفاءة : أنواع الكفاءة-الفصل الثاني : التغير التقني Technical Change : مفهوم التغير التقني : موقع متغير التغير التقني في النظرية الاقتصادية : تطور المعالجة الرياضية للتغير التقنيي-الفصل الثالث : العمل ورأس المال Lobour & Capital : العمل : رأس المال : طرق قياس المخرجات والمدخلات. | ||
| 653 | _aاقتصاد | ||
| 653 | _aمتغيرات اقتصادية | ||
| 942 | _cكتاب | ||
| 999 |
_c41891 _d41891 |
||